Caryyapada (Record no. 2351)

MARC details
000 -LEADER
fixed length control field 00455cam a2200193ua 4500
001 - CONTROL NUMBER
control field 2499
005 - DATE AND TIME OF LATEST TRANSACTION
control field 20260515113516.0
008 - FIXED-LENGTH DATA ELEMENTS--GENERAL INFORMATION
fixed length control field 111222n ii |||gr||||Z||||||asm
040 ## - CATALOGING SOURCE
Transcribing agency MAIN
082 ## - DEWEY DECIMAL CLASSIFICATION NUMBER
Classification number 780
100 ## - MAIN ENTRY--PERSONAL NAME
Personal name Hazarika, Parikshit,
Relator term Author.
245 1# - TITLE STATEMENT
Title Caryyapada
Statement of responsibility, etc. by Parikshit Hazarika
250 ## - EDITION STATEMENT
Edition statement 2nd.
260 ## - PUBLICATION, DISTRIBUTION, ETC.
Place of publication, distribution, etc. Guahati:
Name of publisher, distributor, etc. Dalimee Prakash,987.
300 ## - PHYSICAL DESCRIPTION
Extent 316p:
Dimensions 23cm.
653 ## - INDEX TERM--UNCONTROLLED
Uncontrolled term Folklore
653 ## - INDEX TERM--UNCONTROLLED
Uncontrolled term Caryyapada
942 ## - ADDED ENTRY ELEMENTS (KOHA)
Koha item type Books
Holdings
Withdrawn status Lost status Damaged status Not for loan Home library Current library Shelving location Date acquired Total checkouts Full call number Barcode Date last seen Date last checked out Copy number Price effective from Koha item type
        Naharkatiya College Library Naharkatiya College Library General stacks 09/19/2020 1 780 | HAZ 10186 12/29/2021 12/14/2021 1 09/19/2020 Books
        Naharkatiya College Library Naharkatiya College Library General stacks 09/19/2020 1 780 | HAZ 10187 03/14/2026 02/26/2026 4 09/19/2020 Books
        Naharkatiya College Library Naharkatiya College Library General stacks 09/19/2020   780 | HAZ 10188 09/19/2020   3 09/19/2020 Books
        Naharkatiya College Library Naharkatiya College Library General stacks 09/19/2020 1 780 | HAZ 10189 12/29/2021 12/23/2021 2 09/19/2020 Books